| 000 | nam a22 7a 4500 | ||
|---|---|---|---|
| 999 |
_c144628 _d144626 |
||
| 005 | 20180925095428.0 | ||
| 008 | 180925b ag ||||| |||| 00| 0 spa d | ||
| 020 | _a9789501261608 | ||
| 050 | 0 | 4 |
_aHQ767.87 _bC37 2011 |
| 100 | 1 | _aCarli, Sandra | |
| 245 | 1 | 3 |
_aLa Memoria de la infancia : _bestudios sobre historia, cultura y sociedad / _cSandra Carli |
| 250 | _a1a ed. | ||
| 260 |
_aBuenos Aires, Argentina : _bPaidós, _c2011 |
||
| 300 |
_a189 p. : _bil., _c22 cm. |
||
| 490 | 0 | _aCuestiones de educación | |
| 504 | _aIncluye índice y bibliografía. | ||
| 650 | 7 |
_2lemb _aNiños _zArgentina _xHistoria _ySiglo XX |
|
| 650 | 7 |
_aEducación _xAspectos sociales _zArgentina _xHistoria _ySiglo XX |
|
| 942 |
_2lcc _cLIB |
||